000 00340nam a2200133Ia 4500
008 240624s9999 xx 000 0 und d
041 _aeng
082 _a006.76 EVJ
100 _aEVJEN BILL
245 _aPROFESSIONAL ASP NET 2 0
260 _c2006
_aNew Delhi
_bWiley Dreamtech India
300 _axxxi, : 1253 : p. : cm. ; 23
365 _cRS
999 _c3779
_d3779